[Event "Olympiad-36"]
[Site "Mallorca"]
[Date "2004.10.24"]
[Round "9"]
[White "Sumir, Lama"]
[Black "Saeheng, Boonsueb"]
[Result "0-1"]
[WhiteElo "2112"]
[BlackElo "2242"]
[PlyCount "88"]
[EventDate "2004.10.15"]
[EventType "team-swiss"]
[EventRounds "14"]
[EventCountry "ESP"]
[SourceTitle "CBM 104"]
[Source "ChessBase"]
[SourceDate "2005.01.27"]
[SourceVersion "1"]
[SourceVersionDate "2005.01.27"]
[SourceQuality "1"]
[WhiteTeam "Nepal"]
[BlackTeam "Thailand"]
[WhiteTeamCountry "NEP"]
[BlackTeamCountry "THA"]

1. e4 c5 2. Nf3 d6 3. d4 cxd4 4. Nxd4 Nf6 5. Nc3 a6 6. Be2 e6 7. Be3 b5 8. a3 Bb7 9. Bd3 Nbd7 10. 0-0 Be7 11. f4 0-0 12. Nb3 Qc7 13. h3 Rac8 14. Nd2 Nc5 15. Qe1 e5 16. Qf2 d5 17. exd5 Nxd3 18. cxd3 exf4 19. Bxf4 Qd8 20. Nde4 Nxd5 21. Nxd5 Qxd5 22. Qg3 Rc6 23. Rf3 Rg6 24. Qf2 f5 25. Nd2 Bf6 26. Re1 Bxb2 27. Kh2 Bxa3 28. Rg3 Bc5 29. Qf1 Rxg3 30. Kxg3 Bd6 31. Nf3 b4 32. d4 Bxf4+ 33. Kxf4 Qd6+ 34. Ke3 f4+ 35. Kf2 Bxf3 36. gxf3 Qxd4+ 37. Kg2 a5 38. Qa6 Qd2+ 39. Re2 Qd5 40. Qa7 b3 41. Kh2 Qxf3 42. Rg2 Qc3 43. Qb7 Kh8 44. Qe7 Rg8 0-1